000 00723nam a2200181Ia 4500
008 100920s9999 xx 000 0 und d
082 _b102423
_a891.43 न 08
100 _aश्याम मोहन अस्थाना.
245 _aखुबसूरत शताब्दी बदसूरत लोग.
260 _bअभिव्यक्ती प्रकाशन , दिल्ली.
_c2008
300 _a92
_bसाधी
365 _b100
520 _aहिंदी.
630 _aखुबसूरत शताब्दी बदसूरत लोग.
650 _aहिंदी.
730 _aखुबसूरत शताब्दी बदसूरत लोग.
942 _cBOOK
999 _c742856
_d742853